Competencias Gerenciales Habilidades, conocimientos y aptitudes /

Detalles Bibliográficos
Autor principal: Gutiřrez Tobar, Edimer
Formato: eBook
Lenguaje:español
Publicado: Bogot:̀ ECOE, 2016
Materias:
Acceso en línea:Acceso restringido

MARC

LEADER 00000nam a22000007a 4500
005 2022021608408.0
007 cr|||| ||||
008 220216s2016 co |||||s|||| 00||0 spa d
020 |a 9789587713534 
035 |a 35835 
040 |a vLex 
090 |c 13006  |d 13006 
100 1 |a Gutiřrez Tobar, Edimer 
245 1 0 |a  Competencias Gerenciales  |h [Recurso electrn̤ico] :  |b Habilidades, conocimientos y aptitudes /  |c Edimer Gutiřrez Tobar 
256 |a Servicio en ln̕ea 
260 |a Bogot:̀  |b ECOE,  |c 2016 
300 |a 1 recurso electrn̤ico 
506 1 |a Disponible solo en los productos indicados  |d vLex Global  |d vLex Global (Academic Edition, excluding Law Schools)  |d vLex Global (U.S. Academic Edition, Law Schools)  |d vLex Global (U.S. Academic Edition, excluding Law Schools)  |d vLex Global (Academic Edition, Law Schools) 
650 0 4 |a Administracin̤ (Management)  |z Colombia 
740 0 |a vLex Libros (Servicio en ln̕ea) 
856 4 0 |u https://app.vlex.com/#/sources/35835  |z Acceso restringido 
942 |c BOOK 
999 0 |a Management